[Event "8th EUR-ch"]
[Site "Dresden GER"]
[Date "2007.04.13"]
[Round "10.123"]
[White "Jenni, Florian"]
[Black "Estremera Panos, Sergio"]
[Result "1-0"]
[WhiteElo "2518"]
[BlackElo "2386"]
[EventDate "2007.04.03"]
[PlyCount "167"]

1.e4 e5 2.Nf3 Nc6 3.Bb5 a6 4.Bxc6 dxc6 5.O-O Bg4 6.h3 h5 7.d3 Qf6 8.Be3 
Bxf3 9.Qxf3 Qxf3 10.gxf3 Ne7 11.Nd2 Ng6 12.Rfb1 a5 13.Kf1 Bd6 14.Ke2 f6 
15.Rg1 Kf7 16.a4 Nf8 17.d4 exd4 18.Bxd4 Ne6 19.Be3 Rhd8 20.Nc4 Nf4+ 21.
Bxf4 Bxf4 22.Rgd1 Rxd1 23.Rxd1 Ke6 24.Ne3 g6 25.b3 Be5 26.Rg1 Kf7 27.Ng2 
Rd8 28.Ne1 b5 29.Nd3 bxa4 30.bxa4 Rd4 31.Rb1 Rxa4 32.Nxe5+ fxe5 33.Rb7 Ra1
34.Rxc7+ Kf6 35.Rxc6+ Kf7 36.Rc5 Kf6 37.f4 exf4 38.Kf3 a4 39.Kxf4 a3 40.
Rc6+ Kf7 41.Ra6 a2 42.c4 g5+ 43.Ke5 h4 44.f3 Rf1 45.Ra7+ Kg6 46.Rxa2 Rxf3 
47.Rh2 g4 48.hxg4 Kg5 49.c5 Rc3 50.Kd4 Rc1 51.Rd2 h3 52.e5 Kxg4 53.Kd5 Kg3
54.e6 h2 55.Rxh2 Kxh2 56.e7 Re1 57.Kd6 Rd1+ 58.Kc7 Re1 59.Kd7 Rd1+ 60.Ke8 
Rc1 61.c6 Rc3 62.Kd7 Rd3+ 63.Ke6 Re3+ 64.Kd6 Rd3+ 65.Kc5 Re3 66.c7 Rxe7 
67.c8=Q Re2 68.Qg4 Rg2 69.Qh5+ Kg1 70.Kd4 Rg3 71.Qe2 Kh1 72.Ke4 Kg1 73.Kf4
Rg8 74.Qd1+ Kh2 75.Qh5+ Kg1 76.Qc5+ Kh2 77.Qf2+ Kh1 78.Qe1+ Kh2 79.Qh4+ 
Kg1 80.Qe7 Rg2 81.Qe1+ Kh2 82.Kf3 Rg6 83.Qe5+ Kg1 84.Qc5+ 1-0

[Event "8th EUR-ch"]
[Site "Dresden GER"]
[Date "2007.04.13"]
[Round "10.124"]
[White "Howell, David"]
[Black "Pitl, Gregory"]
[Result "1-0"]
[WhiteElo "2518"]
[BlackElo "2367"]
[EventDate "2007.04.03"]
[PlyCount "85"]

1.e4 c5 2.c3 d5 3.exd5 Qxd5 4.d4 Nf6 5.Nf3 Bg4 6.dxc5 Qxd1+ 7.Kxd1 Nc6 8.
Be3 Nd5 9.h3 Bxf3+ 10.gxf3 e6 11.Bb5 Rc8 12.b4 Be7 13.Kc2 Bf6 14.a3 O-O 
15.Kb3 Nce7 16.Ra2 Nf5 17.Bd2 Rfd8 18.Be2 a5 19.Bc4 Ra8 20.Rc2 Nh4 21.Be2 
Nf5 22.Bc4 Nh4 23.Be2 Nf5 24.Rd1 Bh4 25.Rf1 Bf6 26.Rd1 Bh4 27.Rf1 Bf6 28.
Rcc1 axb4 29.axb4 Ra1 30.Bc4 Nh4 31.Be2 Rda8 32.Rfd1 Ng6 33.Bd3 Ngf4 34.
Bxf4 Nxf4 35.Be4 R8a7 36.Rd7 Ne2 37.Rcd1 g6 38.Rxb7 Ra8 39.Kc4 Be5 40.Rbd7
R8a6 41.c6 Rxb1 42.Rxb1 Nxc3 43.c7 1-0

[Event "8th EUR-ch"]
[Site "Dresden GER"]
[Date "2007.04.13"]
[Round "10.128"]
[White "Williams, Simon"]
[Black "Espig, Lutz"]
[Result "1-0"]
[WhiteElo "2487"]
[BlackElo "2351"]
[EventDate "2007.04.03"]
[PlyCount "83"]

1.e4 c5 2.a3 e6 3.b4 cxb4 4.axb4 Bxb4 5.Bb2 Nf6 6.e5 Nd5 7.c4 Ne7 8.Qg4 
Ng6 9.h4 h5 10.Qg3 Nc6 11.Bd3 Rh6 12.f4 d6 13.Be4 dxe5 14.fxe5 Nd4 15.Ne2 
Nf5 16.Qf2 Ngxh4 17.Nbc3 Ng6 18.Bxf5 exf5 19.Nd5 Bf8 20.Rxa7 Rxa7 21.Qxa7 
Ne7 22.Nef4 Nxd5 23.cxd5 Ra6 24.Qb8 g6 25.Bd4 Bd7 26.Qxb7 Qa8 27.Qxa8+ 
Rxa8 28.Kf2 Bh6 29.g3 Ra5 30.d6 Be6 31.Nxe6 fxe6 32.Rc1 Rd5 33.Rc8+ Kf7 
34.Rc7+ Ke8 35.Re7+ Kf8 36.Bc3 Bxd2 37.Bxd2 Rxd2+ 38.Ke3 Rd5 39.Rxe6 g5 
40.Rf6+ Ke8 41.Rxf5 h4 42.Ke4 1-0

[Event "8th EUR-ch"]
[Site "Dresden GER"]
[Date "2007.04.13"]
[Round "10.129"]
[White "Akesson, Ralf"]
[Black "Paehtz, Thomas jr"]
[Result "1-0"]
[WhiteElo "2478"]
[BlackElo "2318"]
[EventDate "2007.04.03"]
[PlyCount "137"]

1.Nf3 c5 2.c4 Nc6 3.d4 cxd4 4.Nxd4 Nf6 5.Nc3 e6 6.g3 Qb6 7.Nb3 Ne5 8.e4 
Bb4 9.Qe2 d6 10.f4 Nc6 11.Bg2 O-O 12.Be3 Bxc3+ 13.bxc3 Qc7 14.c5 dxc5 15.
Bxc5 Rd8 16.e5 Na5 17.Bd6 Qxc3+ 18.Qd2 Qxd2+ 19.Nxd2 Nd5 20.Bxd5 Rxd6 21.
exd6 exd5 22.O-O g6 23.Rfc1 Be6 24.Rc5 b6 25.Rc7 Rd8 26.Rxa7 Rxd6 27.Rd1 
d4 28.Ne4 Rd8 29.Ra6 Nc4 30.Nf2 h5 31.Ra4 b5 32.Rb4 Ra8 33.Rxb5 Rxa2 34.
Rxd4 Ne3 35.Rb1 Ng4 36.Nxg4 Bxg4 37.Rdb4 Be6 38.R1b2 Rxb2 39.Rxb2 Kg7 40.
Kf2 Bf5 41.Ke3 Be6 42.Kd4 Bf5 43.Ke5 Be6 44.Rb6 Bf5 45.Ra6 Bg4 46.Ra5 Bh3 
47.Kd6 Kf6 48.Kc7 Ke7 49.Re5+ Be6 50.f5 gxf5 51.h4 Kf6 52.Kd6 Bb3 53.Re1 
Bc4 54.Kc5 Be6 55.Kd4 Bb3 56.Ke3 Kg6 57.Kf4 f6 58.Re8 Bf7 59.Rb8 Bc4 60.
Ke3 Ba2 61.Kd4 f4 62.gxf4 Kf5 63.Rb2 Bf7 64.Rb6 Ba2 65.Ke3 Kg4 66.Rxf6 
Kxh4 67.Rg6 Kh3 68.f5 h4 69.Kf4 1-0

[Event "8th EUR-ch"]
[Site "Dresden GER"]
[Date "2007.04.13"]
[Round "10.131"]
[White "Donchenko, Anatoly"]
[Black "Urban, Klaudiusz"]
[Result "0-1"]
[WhiteElo "2374"]
[BlackElo "2464"]
[EventDate "2007.04.03"]
[PlyCount "96"]

1.d4 Nf6 2.Nf3 c5 3.c4 cxd4 4.Nxd4 Nc6 5.Nc3 g6 6.g3 d6 7.Bg2 Bd7 8.O-O 
Bg7 9.Nc2 O-O 10.Na3 Qa5 11.h3 Rfc8 12.Bd2 Qd8 13.Rc1 Rab8 14.b3 a6 15.e4 
Nb4 16.Nc2 Nxc2 17.Rxc2 b5 18.cxb5 axb5 19.a4 bxa4 20.bxa4 Rc5 21.Rc1 Qc8 
22.g4 Kf8 23.Ne2 Rxc1 24.Nxc1 Qc4 25.e5 dxe5 26.a5 Bc6 27.Qe2 Qxe2 28.Nxe2
Bxg2 29.Kxg2 Rb2 30.Rd1 e6 31.Nc3 Nd5 32.Bc1 Nf4+ 33.Kf1 Rc2 34.Ba3+ Ke8 
35.Nb5 Bf8 36.Bxf8 Kxf8 37.a6 Ra2 38.a7 Ke7 39.Rc1 Kd8 40.f3 Nd5 41.g5 
Ne3+ 42.Kg1 Nd5 43.h4 Kd7 44.Rc2 Ra5 45.Kf2 Kd8 46.Ke2 Nb6 47.Rc5 Nc8 48.
Rxe5 Nxa7 0-1

[Event "8th EUR-ch"]
[Site "Dresden GER"]
[Date "2007.04.13"]
[Round "10.132"]
[White "Borriss, Martin"]
[Black "Dinger, Florian"]
[Result "1/2-1/2"]
[WhiteElo "2463"]
[BlackElo "2317"]
[EventDate "2007.04.03"]
[PlyCount "124"]

1.e4 c5 2.Nf3 d6 3.d4 cxd4 4.Nxd4 Nf6 5.Nc3 a6 6.Be3 e5 7.Nb3 Be6 8.f4 
exf4 9.Bxf4 Nc6 10.Qe2 Be7 11.h3 Nd7 12.O-O-O Nce5 13.Nd4 O-O 14.Nf5 Rc8 
15.Qd2 Bxf5 16.exf5 Nb6 17.Nd5 Nxd5 18.Qxd5 Bg5 19.g3 Qf6 20.Qd2 Qxf5 21.
Bxg5 Rxc2+ 22.Qxc2 Rc8 23.Rh2 Qxg5+ 24.Kb1 Rxc2 25.Rxc2 h5 26.Rc3 Qf5+ 27.
Ka1 b5 28.a3 g5 29.Bg2 Kg7 30.Ka2 Nc4 31.Bd5 Qxh3 32.Bxc4 bxc4 33.Rxd6 h4 
34.gxh4 Qxh4 35.Rxa6 g4 36.Rxc4 Qg5 37.Raa4 Qd5 38.Ka1 Qd1+ 39.Ka2 f5 40.
Rd4 Qe2 41.Rd6 Qe7 42.Rad4 Qf7+ 43.R4d5 Qh5 44.Rc5 Qf7+ 45.Rcd5 g3 46.Rd7 
g2 47.Rxf7+ Kxf7 48.Rxf5+ Kg6 49.Rf8 Kg7 50.Rc8 g1=Q 51.Rc3 Qd4 52.a4 
Qxa4+ 53.Kb1 Kf6 54.Rf3+ Ke5 55.Re3+ Kd4 56.Rc3 Qa6 57.Ra3 Qf1+ 58.Ka2 
Qf7+ 59.Kb1 Kc4 60.Rc3+ Kb4 61.Ra3 Qf5+ 62.Ka2 Qd5+ 1/2-1/2

[Event "8th EUR-ch"]
[Site "Dresden GER"]
[Date "2007.04.13"]
[Round "10.133"]
[White "Saric, Ivan"]
[Black "Becker, Michael"]
[Result "1-0"]
[WhiteElo "2463"]
[BlackElo "2313"]
[EventDate "2007.04.03"]
[PlyCount "83"]

1.e4 c5 2.Nf3 Nc6 3.d4 cxd4 4.Nxd4 g6 5.Nc3 Bg7 6.Be3 Nf6 7.Bc4 O-O 8.Bb3 
d6 9.f3 Nd7 10.h4 Nc5 11.h5 Nxb3 12.axb3 Bd7 13.Qd2 a5 14.Nxc6 Bxc6 15.Bh6
Qb6 16.hxg6 hxg6 17.O-O-O a4 18.Bxg7 Kxg7 19.Qh6+ Kf6 20.Qf4+ Kg7 21.e5 
Rh8 22.exd6 exd6 23.bxa4 Rxh1 24.Rxh1 Qc5 25.Rd1 Qe5 26.Qxe5+ dxe5 27.b4 
Bxa4 28.b5 Ra5 29.Nxa4 Rxa4 30.Rd7 Kf6 31.Rxb7 Ke6 32.Kb2 e4 33.fxe4 Rxe4 
34.Kb3 Rg4 35.c4 Rxg2 36.c5 Rg1 37.c6 Rb1+ 38.Kc2 Rb4 39.Kc3 Rb1 40.c7 
Rc1+ 41.Kd2 Rc5 42.b6 1-0

[Event "8th EUR-ch"]
[Site "Dresden GER"]
[Date "2007.04.13"]
[Round "10.135"]
[White "Brendel, Oliver"]
[Black "Marzolo, Cyril"]
[Result "0-1"]
[WhiteElo "2370"]
[BlackElo "2459"]
[EventDate "2007.04.03"]
[PlyCount "36"]

1.e4 e5 2.Nf3 Nc6 3.Bb5 f5 4.d3 fxe4 5.dxe4 Nf6 6.O-O Bc5 7.Bc4 d6 8.Qe1 
Bg4 9.Ng5 Qe7 10.Bf7+ Kf8 11.h3 h6 12.hxg4 hxg5 13.Bb3 Nxg4 14.Qd1 Nh2 15.
Re1 g4 16.Qd5 Nd8 17.Be3 Nf3+ 18.gxf3 Qh4 0-1

[Event "8th EUR-ch"]
[Site "Dresden GER"]
[Date "2007.04.13"]
[Round "10.136"]
[White "Roos, Michael"]
[Black "Esen, Baris"]
[Result "1/2-1/2"]
[WhiteElo "2349"]
[BlackElo "2455"]
[EventDate "2007.04.03"]
[PlyCount "96"]

1.c4 Nf6 2.Nc3 d5 3.cxd5 Nxd5 4.Nf3 c5 5.d4 Nxc3 6.bxc3 g6 7.Bg5 Bg7 8.Qd2
h6 9.Bh4 Bf5 10.e3 Qa5 11.Rc1 Nc6 12.Be2 Be4 13.O-O Bxf3 14.Bxf3 cxd4 15.
Qb2 Qb6 16.Qxb6 axb6 17.cxd4 Rxa2 18.Bxc6+ bxc6 19.Rxc6 Rb2 20.Rc7 g5 21.
Bg3 f5 22.h3 Kf7 23.Ra1 f4 24.exf4 Bxd4 25.Raa7 Re8 26.fxg5 hxg5 27.Rab7 
Ra2 28.Rc4 Bc5 29.Rg4 Rg8 30.Kh2 Rg6 31.f3 Ra1 32.Bc7 Rd1 33.Bb8 Rd8 34.
Be5 Rd5 35.Bb8 Re6 36.f4 gxf4 37.Bxf4 Re4 38.h4 Be3 39.g3 Kf6 40.Kh3 Bxf4 
41.Rxf4+ Rxf4 42.gxf4 Rb5 43.h5 Rb1 44.Kg4 Kf7 45.h6 Rg1+ 46.Kf3 Rf1+ 47.
Ke4 Rh1 48.Rxb6 e6 1/2-1/2

[Event "8th EUR-ch"]
[Site "Dresden GER"]
[Date "2007.04.13"]
[Round "10.137"]
[White "Gasthofer, Alexander"]
[Black "Peterson, Eric"]
[Result "1-0"]
[WhiteElo "2453"]
[BlackElo "2302"]
[EventDate "2007.04.03"]
[PlyCount "95"]

1.d4 d5 2.Nf3 e6 3.g3 Nf6 4.Bg2 Be7 5.O-O O-O 6.c4 dxc4 7.Qc2 a6 8.a4 Nc6 
9.Qxc4 Qd5 10.Qd3 Rd8 11.Bf4 Nb4 12.Qc3 c5 13.dxc5 Qxc5 14.Rc1 Ne4 15.Qe3 
Qxe3 16.Bxe3 Bf6 17.Nc3 Nxc3 18.bxc3 Nd5 19.Bd4 Bd7 20.e4 Bxd4 21.cxd4 Nf6
22.e5 Nd5 23.Nd2 Bc6 24.Nc4 Rab8 25.Nd6 Rd7 26.a5 Rbd8 27.Rab1 h6 28.f4 
Ne7 29.Bxc6 Nxc6 30.Nxb7 Nxd4 31.Nxd8 Ne2+ 32.Kf2 Nxc1 33.Nxe6 fxe6 34.
Rxc1 Kf7 35.Rc6 Ra7 36.Kf3 h5 37.Kg2 Re7 38.Rxa6 Kg6 39.Kf3 h4 40.Kg4 hxg3
41.hxg3 Kf7 42.Kg5 Rc7 43.g4 Rc4 44.Ra7+ Kf8 45.a6 Ra4 46.f5 Ra5 47.Kg6 
Rxe5 48.f6 1-0

[Event "8th EUR-ch"]
[Site "Dresden GER"]
[Date "2007.04.13"]
[Round "10.139"]
[White "Loeffler, Stefan"]
[Black "Zesch, Ludwig"]
[Result "1-0"]
[WhiteElo "2448"]
[BlackElo "2287"]
[EventDate "2007.04.03"]
[PlyCount "45"]

1.d4 c5 2.d5 Nf6 3.Nc3 g6 4.e4 d6 5.Bb5+ Nfd7 6.a4 Bg7 7.f4 O-O 8.Nf3 Na6 
9.h3 Nc7 10.Bc4 a6 11.O-O b5 12.axb5 Nb6 13.Be2 axb5 14.Rxa8 Nbxa8 15.Nxb5
Nxb5 16.Bxb5 Qb6 17.Bc6 Ba6 18.Re1 Bxb2 19.e5 Bxc1 20.Qxc1 Bb7 21.f5 dxe5 
22.Qh6 c4+ 23.Kh2 1-0

[Event "8th EUR-ch"]
[Site "Dresden GER"]
[Date "2007.04.13"]
[Round "10.140"]
[White "Jirka, Jiri"]
[Black "Orlov, Andrey"]
[Result "0-1"]
[WhiteElo "2367"]
[BlackElo "2447"]
[EventDate "2007.04.03"]
[PlyCount "90"]

1.d4 Nf6 2.c4 e6 3.g3 c5 4.d5 exd5 5.cxd5 b5 6.f3 c4 7.a4 Qb6 8.axb5 Bc5 
9.Nh3 d6 10.Na3 O-O 11.e4 Bb4+ 12.Bd2 Qe3+ 13.Be2 Bxd2+ 14.Qxd2 Qxd2+ 15.
Kxd2 Bxh3 16.Nxc4 Nbd7 17.Nxd6 Rfd8 18.Nb7 Rdb8 19.Na5 g5 20.Nc6 Re8 21.
Rxa7 Rxa7 22.Nxa7 g4 23.Rc1 Bg2 24.fxg4 Nxe4+ 25.Kd1 Ndc5 26.Rc4 Re5 27.
Nc6 Rxd5+ 28.Rd4 Rxd4+ 29.Nxd4 Nd6 30.Kc2 Kf8 31.Kc3 Ke7 32.Kb4 Ne6 33.
Nxe6 fxe6 34.Kc5 e5 35.b6 Bb7 36.b4 h6 37.Bd3 Ke6 38.h4 Ne4+ 39.Bxe4 Bxe4 
40.b5 Kd7 41.Kc4 Kc8 42.Kc5 Bh7 43.Kd5 e4 44.Kd4 Kb7 45.g5 hxg5 0-1

[Event "8th EUR-ch"]
[Site "Dresden GER"]
[Date "2007.04.13"]
[Round "10.141"]
[White "Gutman, Lev"]
[Black "Schmidt, Raul"]
[Result "0-1"]
[WhiteElo "2444"]
[BlackElo "2081"]
[EventDate "2007.04.03"]
[PlyCount "118"]

1.Nf3 b6 2.g3 Bb7 3.Bg2 c5 4.O-O Nf6 5.d4 cxd4 6.Qxd4 Nc6 7.Qa4 a6 8.Nc3 
e6 9.Bg5 Be7 10.Rad1 d5 11.Qh4 Qc7 12.e4 dxe4 13.Nxe4 Nxe4 14.Qxe4 Bxg5 
15.Nxg5 h6 16.Nxe6 fxe6 17.Qg6+ Kf8 18.Qxe6 Re8 19.Qf5+ Qf7 20.Qxf7+ Kxf7 
21.Rd7+ Re7 22.Bd5+ Kf6 23.Rxb7 Rxb7 24.Bxc6 Re7 25.Rd1 Rc8 26.Ba4 Rcc7 
27.Rd4 Re1+ 28.Kg2 Ke5 29.Rd8 Rb1 30.Bb3 Rxb2 31.Rd5+ Kf6 32.h4 Ke7 33.
Re5+ Kd6 34.Rf5 Rb1 35.Rd5+ Kc6 36.Rd4 Re1 37.g4 Rd7 38.Rf4 Rde7 39.Kf3 b5
40.a4 a5 41.Rd4 bxa4 42.Rxa4 Kb5 43.Rf4 Ra1 44.Rf5+ Kb6 45.Bc4 Ra3+ 46.Bd3
Ra7 47.Rb5+ Kc6 48.Rb1 Rc3 49.Ke3 Kd5 50.Rb5+ Kc6 51.Rb1 Kc7 52.f4 Rc6 53.
Ra1 a4 54.Be4 Rc3+ 55.Kd4 Rh3 56.h5 Rg3 57.g5 hxg5 58.f5 Rh3 59.Bd5 Kd6 
0-1

[Event "8th EUR-ch"]
[Site "Dresden GER"]
[Date "2007.04.13"]
[Round "10.142"]
[White "Bogner, Sebastian"]
[Black "Szabo, Krisztian"]
[Result "0-1"]
[WhiteElo "2345"]
[BlackElo "2438"]
[EventDate "2007.04.03"]
[PlyCount "24"]

1.e4 c5 2.Nf3 d6 3.d4 cxd4 4.Nxd4 Nf6 5.Nc3 a6 6.Bc4 e6 7.Bb3 b5 8.Qf3 Bb7
9.Bg5 Nbd7 10.O-O-O Nc5 11.Rhe1 Be7 12.Bd5 Nxd5 0-1

[Event "8th EUR-ch"]
[Site "Dresden GER"]
[Date "2007.04.13"]
[Round "10.144"]
[White "Eisenbeiser, Amadeus"]
[Black "Berg, Klaus"]
[Result "1-0"]
[WhiteElo "2328"]
[BlackElo "2434"]
[EventDate "2007.04.03"]
[PlyCount "81"]

1.e4 c6 2.d4 d5 3.Nc3 dxe4 4.Nxe4 Bf5 5.Ng3 Bg6 6.h4 h6 7.Nh3 e6 8.Nf4 Bh7
9.Bc4 Nf6 10.Qe2 Bd6 11.Ngh5 O-O 12.g4 Nxh5 13.Nxh5 e5 14.Bd2 exd4 15.
O-O-O Nd7 16.g5 Re8 17.Bxf7+ Kxf7 18.Qc4+ Re6 19.Nxg7 Kxg7 20.Qxe6 Nf8 21.
Qxh6+ Kg8 22.g6 Nxg6 23.Rhg1 Qf6 24.h5 Bf8 25.Qf4 Kf7 26.hxg6+ Bxg6 27.
Qxf6+ Kxf6 28.Bg5+ Ke5 29.f4+ Kf5 30.Rge1 c5 31.Be7 Bh5 32.Re5+ Kxf4 33.
Rxh5 Bxe7 34.Rh7 Bd6 35.Rxb7 Ke4 36.Kb1 c4 37.Rh7 Kd5 38.Rh4 Be5 39.c3 d3 
40.b3 Rb8 41.Rxc4 1-0

[Event "8th EUR-ch"]
[Site "Dresden GER"]
[Date "2007.04.13"]
[Round "10.145"]
[White "Zeller, Frank"]
[Black "Chapman, Alan"]
[Result "1-0"]
[WhiteElo "2429"]
[BlackElo "2058"]
[EventDate "2007.04.03"]
[PlyCount "79"]

1.e4 e6 2.d4 d5 3.Nc3 Bb4 4.e5 Qd7 5.Bd2 b6 6.Nb5 Bxd2+ 7.Qxd2 a6 8.Na3 
Bb7 9.f4 Ne7 10.Nf3 c5 11.c3 Nbc6 12.Nc2 f6 13.Ne3 Ng6 14.Ng4 Qe7 15.Bd3 
f5 16.Nf2 O-O 17.g3 a5 18.O-O a4 19.Bb5 Na5 20.Qe2 a3 21.b3 Rfc8 22.Rfc1 
Rc7 23.Rc2 h6 24.Nd1 Nh8 25.Ne3 g5 26.fxg5 hxg5 27.g4 Ng6 28.gxf5 Nf4 29.
Qf1 exf5 30.h4 cxd4 31.Nxg5 Qxe5 32.Ng2 d3 33.Bxd3 Nxd3 34.Qxd3 Ba6 35.Qf3
Rf8 36.Rf1 Qd6 37.Nf4 Re7 38.Nge6 Rxe6 39.Rg2+ Kh8 40.Qh5+ 1-0

[Event "8th EUR-ch"]
[Site "Dresden GER"]
[Date "2007.04.13"]
[Round "10.147"]
[White "Kuehner, Christian"]
[Black "Alsina Leal, Daniel"]
[Result "0-1"]
[WhiteElo "2135"]
[BlackElo "2428"]
[EventDate "2007.04.03"]
[PlyCount "64"]

1.c4 e5 2.Nc3 Nf6 3.g3 d5 4.cxd5 Nxd5 5.Bg2 Nb6 6.Nf3 Nc6 7.O-O Be7 8.d3 
O-O 9.a3 Be6 10.b4 f6 11.b5 Nd4 12.Nxd4 exd4 13.Na4 Bd5 14.Nxb6 axb6 15.
Bh3 f5 16.Bb2 Bc5 17.a4 Qe7 18.Bg2 Qe6 19.Bxd5 Qxd5 20.Qc2 Rae8 21.Ba3 
Bxa3 22.Rxa3 Qe5 23.Ra2 f4 24.Qc4+ Kh8 25.Kg2 Rf6 26.Rc1 c5 27.a5 Ref8 28.
f3 fxg3 29.hxg3 Rg6 30.g4 Rh6 31.Rh1 Rxh1 32.Kxh1 Rf6 0-1

[Event "8th EUR-ch"]
[Site "Dresden GER"]
[Date "2007.04.13"]
[Round "10.148"]
[White "Srienz, Christian"]
[Black "Figura, Atila Gajo"]
[Result "0-1"]
[WhiteElo "2197"]
[BlackElo "2416"]
[EventDate "2007.04.03"]
[PlyCount "96"]

1.c4 e5 2.Nc3 Nf6 3.Nf3 Nc6 4.g3 Nd4 5.Bg2 Nxf3+ 6.Bxf3 Bc5 7.O-O O-O 8.
Qc2 c6 9.a3 Bb6 10.d3 h6 11.Ne4 Nxe4 12.dxe4 d6 13.b4 Qe7 14.Qb3 Be6 15.
Bb2 Kh8 16.Rac1 f5 17.exf5 Bxf5 18.a4 e4 19.Bg2 a5 20.c5 Bc7 21.Qe3 Kh7 
22.b5 d5 23.b6 Bd8 24.Bd4 Qd7 25.Qc3 Bg5 26.e3 Bg4 27.Rc2 h5 28.h4 Bh6 29.
Rd2 Bf3 30.Rb1 g5 31.Bf6 Bxg2 32.Kxg2 gxh4 33.Bxh4 Bg7 34.Qc1 Rf3 35.Qh1 
Qf5 36.Qh3 Qg6 37.Be7 Re8 38.Bd6 Rf5 39.Rh1 Kg8 40.Rhd1 Bf6 41.Rg1 Kf7 42.
Kf1 d4 43.g4 Rf3 44.Qxh5 Qxh5 45.gxh5 dxe3 46.Re2 exf2 47.Rh1 Bd4 48.Rh4 
Rg8 0-1

[Event "8th EUR-ch"]
[Site "Dresden GER"]
[Date "2007.04.13"]
[Round "10.149"]
[White "Zysk, Robert"]
[Black "Huschenbeth, Niclas"]
[Result "0-1"]
[WhiteElo "2483"]
[BlackElo "2279"]
[EventDate "2007.04.03"]
[PlyCount "144"]

1.d4 Nf6 2.Nf3 g6 3.c4 Bg7 4.Nc3 d6 5.Bg5 O-O 6.e3 Nbd7 7.Be2 c6 8.O-O Qc7
9.Qc2 e5 10.Rfd1 Re8 11.Rac1 Nf8 12.d5 c5 13.Nd2 a6 14.a3 h6 15.Bh4 N6d7 
16.f3 f5 17.e4 g5 18.Bf2 f4 19.b4 b6 20.Rb1 h5 21.Rb2 Nf6 22.bxc5 bxc5 23.
Na4 N8d7 24.Rdb1 g4 25.Nb6 Nxb6 26.Rxb6 Bf8 27.Bh4 Qg7 28.Qa4 Rd8 29.Qa5 
Be7 30.Rb8 Rxb8 31.Rxb8 Nd7 32.Qxd8+ Bxd8 33.Rxc8 Nf8 34.Rxd8 Qb7 35.Nf1 
Kf7 36.fxg4 Ng6 37.Bf2 Qc7 38.Ra8 Qb7 39.Rd8 Qc7 40.Ra8 Qb7 41.gxh5 Qxa8 
42.hxg6+ Kxg6 43.Nd2 Qb7 44.Be1 Kh6 45.Bh4 Qb2 46.Nf3 Qxa3 47.Be7 Qe3+ 48.
Kh1 Qf2 49.Bd3 Qb2 50.h3 Qc1+ 51.Ng1 Qe3 52.Be2 a5 53.Bxd6 a4 54.Bxe5 Qxe4
55.Bb2 Qe3 56.Bg4 a3 57.Bxa3 Qxa3 58.d6 Qd3 59.d7 Kg7 60.Nf3 Kf6 61.h4 Ke7
62.Ne5 Qe4 63.Nf3 Qxc4 64.h5 Qc3 65.h6 Qh8 66.Bh3 Qxh6 67.Ne5 Qf6 68.Nc4 
Qa6 69.Nd2 c4 70.Ne4 c3 71.Nc5 Qc6 72.Ne6 Qxd7 0-1

[Event "8th EUR-ch"]
[Site "Dresden GER"]
[Date "2007.04.13"]
[Round "10.150"]
[White "Pirrot, Dieter"]
[Black "Luechtemeier, Peter"]
[Result "1/2-1/2"]
[WhiteElo "2420"]
[BlackElo "2270"]
[EventDate "2007.04.03"]
[PlyCount "108"]

1.e4 c6 2.d4 d5 3.Nc3 dxe4 4.Nxe4 Bf5 5.Ng3 Bg6 6.Bc4 e6 7.N1e2 Bd6 8.O-O 
Nf6 9.f4 Qd7 10.Bd3 Bxd3 11.Qxd3 Na6 12.f5 e5 13.Bg5 O-O-O 14.Ne4 Be7 15.
dxe5 Qc7 16.Qc4 Qxe5 17.Bxf6 Bxf6 18.c3 Nc7 19.N2g3 Nd5 20.Rae1 Qc7 21.Qc5
b6 22.Qa3 Bh4 23.c4 Bxg3 24.hxg3 Nf6 25.c5 Nxe4 26.Rxe4 Rhe8 27.Rfe1 Rxe4 
28.Rxe4 b5 29.Qe3 Qd7 30.g4 Qd2 31.Qg3 Qc1+ 32.Kh2 Qxc5 33.Re5 Qd6 34.g5 
h6 35.g6 f6 36.Re3 Qxg3+ 37.Kxg3 Rd7 38.Re8+ Kc7 39.b4 Kd6 40.Kf4 c5 41.
bxc5+ Kxc5 42.Rc8+ Kb6 43.Ke4 a5 44.Rb8+ Kc6 45.Ra8 Kb6 46.Rb8+ Kc6 47.Ra8
a4 48.a3 Kb7 49.Ra5 Kb6 50.Ra8 Kc6 51.g4 Kb6 52.Rb8+ Kc6 53.Ra8 Rb7 54.Kd3
Re7 1/2-1/2

[Event "8th EUR-ch"]
[Site "Dresden GER"]
[Date "2007.04.13"]
[Round "10.151"]
[White "Asauskas, Henrikas"]
[Black "Brener, Ilja"]
[Result "1/2-1/2"]
[WhiteElo "2264"]
[BlackElo "2413"]
[EventDate "2007.04.03"]
[PlyCount "71"]

1.e4 c5 2.Nf3 Nc6 3.d4 cxd4 4.Nxd4 Nf6 5.Nc3 e5 6.Ndb5 d6 7.a4 a6 8.Na3 
Bg4 9.Be2 Bxe2 10.Qxe2 Nd4 11.Qd3 Be7 12.Bg5 Nd7 13.Bxe7 Qxe7 14.Nd5 Qd8 
15.O-O Nc5 16.Qe3 O-O 17.a5 f5 18.exf5 Nxf5 19.Qh3 Kh8 20.Nc4 Rc8 21.Nce3 
Nd4 22.Qg4 Qd7 23.Qxd7 Nxd7 24.c3 Nb3 25.Rad1 g6 26.Nb4 Rf6 27.Rd5 Ndc5 
28.Nc4 Ne4 29.Nb6 Rc7 30.f3 Ng5 31.Rfd1 Nf7 32.Nd3 Re6 33.Nf2 Rc6 34.Na4 
Rc4 35.Nb6 Rc6 36.Na4 1/2-1/2

[Event "8th EUR-ch"]
[Site "Dresden GER"]
[Date "2007.04.13"]
[Round "10.152"]
[White "Nagel, Bernhard"]
[Black "Zude, Erik"]
[Result "1/2-1/2"]
[WhiteElo "2257"]
[BlackElo "2401"]
[EventDate "2007.04.03"]
[PlyCount "87"]

1.Nf3 e6 2.d4 f5 3.g3 Nf6 4.Bg2 Be7 5.c4 d6 6.Nc3 O-O 7.Qc2 a5 8.e4 Nxe4 
9.Nxe4 fxe4 10.Qxe4 d5 11.Qe2 dxc4 12.O-O Nc6 13.Qxc4 a4 14.Bf4 Ra5 15.
Rfd1 Qe8 16.Ne5 Nxe5 17.Bxe5 c6 18.Re1 Qf7 19.f4 Bf6 20.Bxf6 Qxf6 21.Re5 
Rxe5 22.dxe5 Qd8 23.Qxa4 Qb6+ 24.Kh1 Qxb2 25.Rd1 g5 26.Rf1 gxf4 27.gxf4 
Kh8 28.Qb3 Qd4 29.Qg3 Rg8 30.Qh4 Qd7 31.Qf6+ Qg7 32.Qxg7+ Rxg7 33.Rd1 Rc7 
34.Kg1 Bd7 35.Kf2 c5 36.Rd6 Kg7 37.Rb6 Bc8 38.Be4 Kf8 39.Ke3 Ke8 40.Rb1 
Rg7 41.Rb5 Rc7 42.Rb2 Rg7 43.Kd3 Rd7+ 44.Ke3 1/2-1/2

[Event "8th EUR-ch"]
[Site "Dresden GER"]
[Date "2007.04.13"]
[Round "10.153"]
[White "Strohhaeker, Raoul"]
[Black "Hindermann, Felix"]
[Result "1-0"]
[WhiteElo "2391"]
[BlackElo "2260"]
[EventDate "2007.04.03"]
[PlyCount "55"]

1.e4 e6 2.d4 d5 3.e5 c5 4.c3 Qb6 5.Nf3 Bd7 6.a3 Bb5 7.c4 Bxc4 8.Bxc4 dxc4 
9.d5 Ne7 10.d6 Nec6 11.O-O Nd7 12.Re1 Qa6 13.Nbd2 g5 14.Nxg5 Ncxe5 15.Nxf7
Kxf7 16.Qh5+ Ng6 17.Ne4 h6 18.Bd2 Bg7 19.Re3 Be5 20.Rf3+ Kg7 21.Bc3 Qc6 
22.Re1 Bd4 23.Rg3 Nf8 24.Nxc5 Bxc3 25.Nxe6+ Kf7 26.Nxf8 Bxe1 27.Qxg6+ Kxf8
28.Qf6+ 1-0

[Event "8th EUR-ch"]
[Site "Dresden GER"]
[Date "2007.04.13"]
[Round "10.155"]
[White "Erturan, Yakup"]
[Black "Wilke, Werner"]
[Result "1-0"]
[WhiteElo "2383"]
[BlackElo "2253"]
[EventDate "2007.04.03"]
[PlyCount "117"]

1.c4 Nf6 2.Nf3 c6 3.g3 d5 4.Qc2 dxc4 5.Qxc4 g6 6.Bg2 Bg7 7.O-O O-O 8.d4 
Be6 9.Qc2 Bf5 10.Qb3 Qb6 11.Qa3 Na6 12.Bd2 Nc7 13.Nc3 Nb5 14.Nxb5 Qxb5 15.
Rfe1 Rfe8 16.Nh4 Ne4 17.Nxf5 Qxf5 18.Be3 Nd6 19.Rac1 Nb5 20.Qb4 a5 21.Qa4 
Nc7 22.Rc5 e5 23.Rxa5 Rxa5 24.Qxa5 exd4 25.Qxf5 gxf5 26.Bd2 Nb5 27.Bh3 Nd6
28.Bb4 Bf8 29.Kf1 Re5 30.Rd1 c5 31.Bd2 Rd5 32.Bf4 Ne4 33.f3 Nf6 34.b3 Kg7 
35.a4 Bd6 36.Bc1 f4 37.gxf4 Rh5 38.Kg2 Rd5 39.f5 Bc7 40.f4 Ne4 41.Kf3 Nc3 
42.Rd3 Rd6 43.e3 Rh6 44.Bg2 Rb6 45.exd4 cxd4 46.Rxd4 Rxb3 47.Rd3 Ba5 48.
Be3 Kf6 49.Bh3 b6 50.Bd4+ Ke7 51.f6+ Kf8 52.Kg4 Ke8 53.Bg2 h5+ 54.Kxh5 Ne2
55.Rxb3 Nxd4 56.Re3+ Kf8 57.Ra3 Ne6 58.Kg4 Bb4 59.f5 1-0

[Event "8th EUR-ch"]
[Site "Dresden GER"]
[Date "2007.04.13"]
[Round "10.157"]
[White "Kalvaitis, Sigitas"]
[Black "Bach, Matthias"]
[Result "1-0"]
[WhiteElo "2216"]
[BlackElo "2364"]
[EventDate "2007.04.03"]
[PlyCount "171"]

1.e4 c5 2.Nf3 Nf6 3.e5 Nd5 4.Nc3 Nxc3 5.dxc3 e6 6.Bf4 Nc6 7.Bc4 h6 8.h4 
Qc7 9.Qe2 b6 10.O-O-O Bb7 11.Rd2 O-O-O 12.Rhd1 Rg8 13.Ba6 f6 14.Bxb7+ Qxb7
15.h5 Be7 16.g3 Rge8 17.Kb1 Bf8 18.exf6 gxf6 19.Bd6 Bxd6 20.Rxd6 Ne7 21.
Nh4 Nd5 22.Qd2 c4 23.Nf5 Kb8 24.Nxh6 Re7 25.Nf5 Rh7 26.h6 Rg8 27.a3 Rg5 
28.g4 Rxg4 29.Ne3 Nxe3 30.Qxe3 Rg6 31.Qf4 Qc7 32.Rh1 Rgxh6 33.Rxh6 Rxh6 
34.Qxh6 Qxd6 35.Qxf6 Qd1+ 36.Ka2 Kb7 37.Qg6 Qf3 38.Qg7 Kc6 39.Qd4 Qd5 40.
Qh8 Kb7 41.Qd8 Qd6 42.Qh4 Qc5 43.Qd8 Qc7 44.Qe7 Kc6 45.Qe8 b5 46.Qa8+ Qb7 
47.Qe8 Kc7 48.Qf8 Qd5 49.Qf4+ Kb7 50.Qf7 a5 51.Qf8 a4 52.Qe7 Kc7 53.Qf6 
Qf5 54.Qd4 Kc6 55.Qa7 Qc5 56.Qa8+ Kc7 57.f4 Qf5 58.Qa7+ Kd8 59.Qb6+ Ke8 
60.Kb1 Qh5 61.Qd4 Ke7 62.Qg7+ Kd6 63.Qd4+ Qd5 64.Qb6+ Ke7 65.Qf2 Kf6 66.
Ka2 Kf5 67.Qg3 Ke4 68.Qg4 Qf5 69.Qg7 Kxf4 70.Qxd7 Qd5 71.Qf7+ Ke3 72.Qf1 
Qf3 73.Qc1+ Ke2 74.Qg5 Qf5 75.Qg2+ Ke1 76.Kb1 Qf1 77.Qe4+ Kd2+ 78.Ka2 Qf5 
79.Qg2+ Kc1 80.Qe2 Qxc2 81.Qe1+ Qd1 82.Qe3+ Kc2 83.Qe4+ Kc1 84.Qe3+ Qd2 
85.Qg1+ Kc2 86.Qb1# 1-0